Follow That Line: The Avengers Quiz Stats

Quiz Updated May 1, 2015

Challenge
Share
Tweet
Embed
Score 0/28 Timer 07:00
1 Play Today
% Correct
We have a Hulk.
91.9%
Genius, billionaire, playboy, philanthropist.
91.8%
That's my secret, Cap: I'm always angry.
90.3%
I mean, I was... I was present while you were unconscious from the ice.
90.1%
There's only one God, ma'am, and I'm pretty sure he doesn't dress like that.
88.4%
I don't see how that's a party.
88.3%
Last night.
87.3%
I was having 12% of a moment.
86.9%
Are you planning to step on us?
85.8%
Funny things are.
85.3%
Puny god.
84.3%
I'm not overly fond of what follows.
82.3%
He turns.
81.9%
Yeah? Get in line.
81.4%
% Correct
Well, let me know if 'real power' wants a magazine or something.
81.3%
He's adopted.
77.7%
Ten bucks says you're wrong.
77.3%
Thanks, but the last time I was in New York I kind of broke... Harlem.
77.1%
Of the people in this room, which one is A - wearing a spangly outfit and B - not of use?
76.3%
Oh no. You brought the monster.
76.2%
I wouldn't consider him a role model.
74.1%
Mellow jazz? Bongo drums? Huge bag of weed?
73.3%
The Avengers. It's what we call ourselves, sort of like a team. 'Earth's Mightiest Heroes' type thing.
72.8%
I'm listening.
72%
Excuse me, did we come to your planet and blow stuff up?
71.3%
You lack conviction.
64.9%
Well, those I actively try to avoid.
64.1%
And an eyeball.
62.6%

You're not logged in!

Compare scores with friends on all Sporcle quizzes.
Sign Up with Email
OR
Log In

You Might Also Like...

Show Comments

Extras

Top Quizzes Today


Score Distribution

Your Account Isn't Verified!

In order to create a playlist on Sporcle, you need to verify the email address you used during registration. Go to your Sporcle Settings to finish the process.